The autocad productivity book: Tapping the hidden power of Autocad (Record no. 162223)

MARC details
000 -LEADER
fixed length control field 00421nam a2200157Ia 4500
008 - FIXED-LENGTH DATA ELEMENTS--GENERAL INFORMATION
fixed length control field 231217s9999 xx 000 0 und d
041 ## - LANGUAGE CODE
Language code of text/sound track or separate title English
082 ## - DEWEY DECIMAL CLASSIFICATION NUMBER
Classification number 621.8024 SCH
100 ## - MAIN ENTRY--PERSONAL NAME
Personal name Schaefer, A Ted Brittain, James L
245 #4 - TITLE STATEMENT
Title The autocad productivity book: Tapping the hidden power of Autocad
250 ## - EDITION STATEMENT
Edition statement 3rd ed.
260 ## - PUBLICATION, DISTRIBUTION, ETC.
Date of publication, distribution, etc. 1990
Name of publisher, distributor, etc. Galgotia
300 ## - PHYSICAL DESCRIPTION
Extent xvii+407
650 ## - SUBJECT ADDED ENTRY--TOPICAL TERM
Topical term or geographic name entry element Autocad
942 ## - ADDED ENTRY ELEMENTS (KOHA)
Koha item type Books
Holdings
Date last seen Total checkouts Full call number Accession number Cost, total (INR) price Price effective from Category Lost status Damaged status Department Withdrawn status Home library Current library Entry date Vendor Cost, normal purchase price Grants Billnumber Billdate Currency symbol Conversion rate Discount Old discount
26/01/2024   621.8024 SCH 4263 107.10 26/01/2024 Books     Central Library   Central Library Central Library 19/12/1992 Educational Supplies 126.00 ME 19495 08/12/1993 RS 1 18.9 15

© For any Suggestions or Query, please contact the library staff @ librarian@pes.edu or Phone: +9180 2672 1983/ 2108.